विज्ञान की खोज / (Record no. 18240)

MARC details
000 -LEADER
fixed length control field 00898nam a22002417a 4500
005 - DATE AND TIME OF LATEST TRANSACTION
control field 20181122124229.0
010 ## - LCCN (DPL NO)
LC control number HIN-84769, B-201514
020 ## - INTERNATIONAL STANDARD BOOK NUMBER
Terms of availability 95.00
International Standard Book Number 8190177109
035 ## - SYSTEM CONTROL NUMBER
System control number HN-57113
035 ## - SYSTEM CONTROL NUMBER
System control number B-201514
037 ## - SOURCE OF ACQUISITION
Source of stock number/acquisition DBAD / PUB
082 ## - DEWEY DECIMAL CLASSIFICATION NUMBER
Classification number 509
100 ## - MAIN ENTRY--PERSONAL NAME
Personal name अमित कुमार
245 ## - TITLE STATEMENT
Title विज्ञान की खोज /
Statement of responsibility, etc अमित कुमार
246 ## - VARYING FORM OF TITLE
Title proper/short title Vigyana kii Khoja
Remainder of title by Amit Kumar
260 ## - PUBLICATION, DISTRIBUTION, ETC. (IMPRINT)
Place of publication, distribution, etc दिल्ली
Name of publisher, distributor, etc जागृति प्रकाशन
Date of publication, distribution, etc 2008
270 ## - ADDRESS
Address 30/64, गली नं. 8, विश्वास नगर
City दिल्ली
Postal code 110032
300 ## - PHYSICAL DESCRIPTION
Extent 80 पृ
Dimensions 22सेमी (सजिल्द)
650 ## - SUBJECT ADDED ENTRY--TOPICAL TERM
Topical term or geographic name as entry element विज्ञान की खोज
650 ## - SUBJECT ADDED ENTRY--TOPICAL TERM
Topical term or geographic name as entry element Discoveries in science
942 ## - ADDED ENTRY ELEMENTS (KOHA)
Source of classification or shelving scheme Dewey Decimal Classification
Item type Hindi Books
Call number suffix अमित
Classification part 509
Holdings
Withdrawn status Lost status Not for loan Home library Current library Date acquired Cost, normal purchase price Full call number Barcode Copy number Cost, replacement price Koha item type Collection code
    Not For Loan D.B.Act.Division D.B.Act.Division 10/11/2008 95.00 509 अमित HN-57115 1 95.00 Hindi Books  
      R.C.Libraries (zls) R.C.Libraries (zls) 22/11/2018 95.00 608 अमित B-201514 1. 95.00 Hindi Books Non-fiction

© Delhi Public Library
Hit Counter
free hit counter